Estudio de rentabilidad academica y economica de una libreria virtual universitaria

সংরক্ষণ করুন:
গ্রন্থ-পঞ্জীর বিবরন
প্রধান লেখক: Faingezicht Tarcica,Danny
বিন্যাস: গবেষণাপত্র গ্রন্থ
ভাষা:Undetermined
প্রকাশিত: 2002
বিষয়গুলি:
ট্যাগগুলো: ট্যাগ যুক্ত করুন
কোনো ট্যাগ নেই, প্রথমজন হিসাবে ট্যাগ করুন!

MARC

LEADER 00000nam a2200000Ia 4500
001 8983
008 140114s9999 xx 000 0 und d
100 |a Faingezicht Tarcica,Danny 
245 |a Estudio de rentabilidad academica y economica de una libreria virtual universitaria 
260 |c 2002 
500 |a NULL 
502 |a Escuela de ingenieria Industrial 
650 |z RENTABILIDAD ACADEMICA 
999 |c 12592  |d 12592